[Event "WIECC 2009"]
[Site "St. Petersburg RUS"]
[Date "2009.03.08"]
[Round "1.16"]
[White "Kovalevskaya, Ekaterina"]
[Black "Ivakhinova, Inna"]
[Result "1-0"]
[WhiteElo "2442"]
[BlackElo "2224"]
[Annotator ""]
[Source ""]
[Remark ""]

1.c4 c5 2.Nf3 Nc6 3.d4 cxd4 4.Nxd4 Nf6 5.Nc3 e6 6.a3 Bc5 7.Nb3
Be7 8.e4 O-O 9.Be2 b6 10.O-O Bb7 11.Bf4 d6 12.Qd2 a6 13.Rfd1
Ne5 14.c5 bxc5 15.Nxc5 dxc5 16.Bxe5 Qxd2 17.Rxd2 Rfd8 18.Rxd8+
Rxd8 19.f3 Kf8 20.Rd1 Rxd1+ 21.Nxd1 Nd7 22.Bc3 Bf6 23.Bxf6 Nxf6
24.Kf2 Ke7 25.Ke3 Kd6 26.b3 Nd7 27.Nb2 Nb6 28.Bc4 f6 29.f4 h6
30.g3 Nd7 31.Nd3 Bc8 32.Nf2 Bb7 33.Be2 Nb8 34.Nd3 Nc6 35.Nb2
Na5 36.Bc4 Nc6 37.Nd3 Bc8 38.Nf2 Bb7 39.e5+ fxe5 40.Ne4+ Kc7
41.Nxc5 exf4+ 42.gxf4 e5 43.Nxb7 Kxb7 44.Bd5 Kb6 45.Bxc6 exf4+
46.Kxf4 Kxc6 47.Kf5 Kd5 48.Kg6 Kd4 49.Kxg7 Kc3 50.Kxh6 Kxb3 51.h4
Kxa3 52.h5 a5 53.Kg5 a4 54.h6 Kb2 55.h7 a3 56.h8Q+ Kb1 57.Qh1+
Kb2 58.Qg2+ Kb1 59.Qf1+ Kb2 60.Qe2+ Kb1 61.Qd1+ 1-0

[Event "WIECC 2009"]
[Site "St. Petersburg RUS"]
[Date "2009.03.08"]
[Round "1.20"]
[White "Matveeva, Svetlana"]
[Black "Bezgodova, Svetlana"]
[Result "1-0"]
[WhiteElo "2422"]
[BlackElo "2214"]
[Annotator ""]
[Source ""]
[Remark ""]

1.d4 d5 2.c4 e6 3.Nc3 c5 4.cxd5 exd5 5.Nf3 Nc6 6.g3 Nf6 7.Bg2
Be7 8.O-O O-O 9.dxc5 Bxc5 10.a3 Be6 11.b4 Be7 12.Bb2 Ne4 13.Rc1
Rc8 14.Nxe4 dxe4 15.Nd4 Qd5 16.Nxc6 bxc6 17.Qc2 f5 18.f3 Qb3
19.Qxb3 Bxb3 20.fxe4 Bg5 21.Rc3 Ba4 22.Rcf3 Bb5 23.Rxf5 Be3+
24.Kh1 Rxf5 25.exf5 Rd8 26.Bc1 Bb6 27.Bf3 c5 28.Bg5 Rd7 29.Rc1
c4 30.a4 Bxa4 31.Rxc4 Rd1+ 32.Kg2 Bd7 33.e4 Rg1+ 34.Kh3 g6 35.Rc1
Rxc1 36.Bxc1 gxf5 37.exf5 Bxf5+ 38.Bg4 Be4 39.Be6+ Kg7 40.Bd2
Bf3 41.g4 Bd4 42.Kg3 Bc6 43.h4 Bb5 44.Kf4 a6 45.Ke4 Bb2 46.g5
Be2 47.Bf5 Bb5 48.h5 Bc4 49.h6+ Kg8 50.Ke3 Bd5 51.Bd3 Bb7 52.Bc4+
Kf8 53.Kd3 Bc8 54.Kc2 Be5 55.Kb3 Bd4 56.Bc3 Be3 57.Bg7+ Ke7 58.Bf6+
Kf8 59.g6 Bxh6 60.gxh7 Bg7 61.h8Q+ Bxh8 62.Bxh8 Ke7 63.Ka4 Kd6
64.Ka5 Kc6 65.Bxa6 1-0

[Event "WIECC 2009"]
[Site "St. Petersburg RUS"]
[Date "2009.03.08"]
[Round "1.56"]
[White "Paulet, Iozefina"]
[Black "Lomakina, Galja"]
[Result "1-0"]
[WhiteElo "2315"]
[BlackElo "2058"]
[Annotator ""]
[Source ""]
[Remark ""]

1.e4 d6 2.d4 Nf6 3.Nc3 g6 4.Bg5 Bg7 5.Qd2 c6 6.f4 h6 7.Bh4 O-O
8.Nf3 Na6 9.O-O-O c5 10.Bxa6 cxd4 11.Nxd4 bxa6 12.Nc6 Qc7 13.Nd5
Nxd5 14.exd5 Re8 15.Rhe1 Bg4 16.Rxe7 Qb6 17.c3 Bxd1 18.Kxd1 Qg1+
19.Kc2 Qxh2 20.Qf2 Rxe7 21.Nxe7+ Kh7 22.Bg3 Qh5 23.f5 Re8 24.Bxd6
gxf5 25.Kb3 Bf8 26.Qc5 Qg5 27.Nc6 Bxd6 28.Qxd6 Re4 29.Qc7 Qh5
30.Nd4 f4 31.d6 Qd5+ 32.Ka3 Re5 33.Nb3 Re8 34.c4 Qe6 35.c5 Qf6
36.Qc6 Re2 37.Qd5 Qxb2+ 38.Kb4 a5+ 39.Kb5 Re6 40.Qd3+ Rg6 41.d7
Qa3 42.Qxg6+ Kxg6 43.d8Q Qb4+ 44.Kc6 Qe4+ 45.Qd5 Qe8+ 46.Kb7
a4 47.Nd4 a5 48.Qc6+ 1-0

[Event "WIECC 2009"]
[Site "St. Petersburg RUS"]
[Date "2009.03.09"]
[Round "2.1"]
[White "Solovjova, Valentina"]
[Black "Dzagnidze, Nana"]
[Result "0-1"]
[WhiteElo "2324"]
[BlackElo "2518"]
[Annotator ""]
[Source ""]
[Remark ""]

1.e4 c5 2.c3 e6 3.d4 d5 4.exd5 exd5 5.Bb5+ Nc6 6.Nf3 Bd6 7.O-O
Nge7 8.dxc5 Bxc5 9.h3 O-O 10.Nbd2 Bf5 11.Nb3 Bb6 12.Bd3 Qd6 13.Bxf5
Nxf5 14.Qd3 g6 15.Bd2 Rad8 16.Rad1 Qg3 17.Bc1 Rfe8 18.Bg5 Ne5
19.Nxe5 Qxg5 20.Nf3 Qf4 21.Nbd4 Nd6 22.Qd2 Qf6 23.Rfe1 Re4 24.Qg5
Qxg5 25.Nxg5 Rxe1+ 26.Rxe1 f6 27.Ngf3 Kf7 28.Kf1 a6 29.Re2 Ne4
30.g4 Re8 31.Ke1 Bc7 32.Kd1 Bf4 33.Nc2 Rc8 34.Nb4 Ke6 35.Nd4+
Kd6 36.Nd3 Be5 37.f3 Nxc3+ 38.bxc3 Rxc3 39.Nxe5 fxe5 40.Nc2 Rxf3
41.Re3 Rf1+ 42.Kd2 Rf2+ 43.Kd1 d4 44.Rb3 Rf7 45.Ke2 Kc5 46.Ne1
e4 47.h4 b5 48.Rg3 a5 49.h5 g5 50.Rb3 b4 51.Rb1 Kd5 52.Rc1 d3+
53.Nxd3 exd3+ 54.Kxd3 Rf3+ 55.Ke2 Ra3 56.Rc7 Rxa2+ 57.Kd3 Ra3+
58.Kd2 h6 59.Rh7 a4 60.Rxh6 Rg3 61.Rh8 a3 62.h6 a2 63.Ra8 Ra3 0-1

[Event "WIECC 2009"]
[Site "St. Petersburg RUS"]
[Date "2009.03.09"]
[Round "2.11"]
[White "Botsari, Anna-Maria"]
[Black "Kovalevskaya, Ekaterina"]
[Result "0-1"]
[WhiteElo "2289"]
[BlackElo "2442"]
[Annotator ""]
[Source ""]
[Remark ""]

1.d4 Nf6 2.c4 e6 3.Nc3 Bb4 4.e3 Nc6 5.Nge2 d5 6.a3 Bd6 7.Ng3
dxc4 8.Bxc4 e5 9.d5 Ne7 10.e4 h6 11.O-O O-O 12.h3 a6 13.Be3 Ng6
14.Nh5 Nh7 15.Re1 Ng5 16.Bf1 Nh4 17.f4 exf4 18.Nxf4 Qf6 19.Nd3
Bg3 20.Re2 Qg6 21.Bxg5 hxg5 22.Re3 Qb6 23.Qd2 Bf4 24.Rae1 f5
25.e5 Bxe3+ 26.Qxe3 Qxe3+ 27.Rxe3 f4 28.Re4 Bf5 29.Rc4 f3 30.Nf2
fxg2 31.Bxg2 Nxg2 32.Kxg2 Rae8 33.Rxc7 Rxe5 34.Rxb7 Bc8 35.Rc7
Ree8 36.b4 Rf7 37.Rc4 Bb7 38.Rc5 Rd7 39.Ng4 Red8 40.Ne3 Re7 41.Nc4
Red7 42.Ne3 Rf7 43.Kg3 Rdf8 44.Ng4 Rf3+ 45.Kg2 Rd3 46.Ne5 Rd2+
47.Kg3 Re8 48.Ng4 Rd3+ 49.Kf2 Rc8 50.Ne4 Rf8+ 51.Ke2 Rxd5 52.Nxg5
Rxc5 53.bxc5 Rc8 0-1

[Event "WIECC 2009"]
[Site "St. Petersburg RUS"]
[Date "2009.03.09"]
[Round "2.16"]
[White "Melia, Salome"]
[Black "Manakova, Maria"]
[Result "1-0"]
[WhiteElo "2422"]
[BlackElo "2299"]
[Annotator ""]
[Source ""]
[Remark ""]

1.e4 c5 2.Nf3 Nc6 3.d4 cxd4 4.Nxd4 e5 5.Nb5 d6 6.N1c3 a6 7.Na3
b5 8.Nd5 Rb8 9.c4 b4 10.Nc2 a5 11.g3 Nf6 12.Bg5 Be7 13.Bxf6 Bxf6
14.Bg2 O-O 15.b3 Bg5 16.O-O Ne7 17.h4 Bh6 18.Nce3 Bxe3 19.Nxe3
Nc6 20.Qd3 Qe7 21.Rad1 Rd8 22.Nf5 Bxf5 23.exf5 Nd4 24.Bd5 Kh8
25.f4 f6 26.g4 Qa7 27.Kh1 a4 28.Ra1 Rb6 29.g5 Ra6 30.gxf6 axb3
31.Rg1 b2 32.Qg3 Nxf5 33.Qg5 g6 34.Rab1 Rxa2 35.Be4 Qd7 36.Rg2
exf4 37.Kh2 Ra3 38.Rbxb2 Ne3 39.f7 Kg7 40.Bxg6 h6 41.Qxf4 Nxg2
42.Qd4+ Kf8 43.Qh8+ Ke7 44.f8Q+ Rxf8 45.Qg7+ Kd8 46.Qxf8+ Kc7
47.Bf5 Rf3 48.Rxb4 Qxf5 49.Qb8+ Kd7 50.Rb7+ Ke6 51.Qe8+ Kf6 52.Rf7+
Kg6 53.Qg8+ Kh5 54.Rxf5+ Rxf5 55.Kxg2 Rf6 56.Qd8 Rg6+ 57.Kf3
Re6 58.Kf4 Kg6 59.Qg8+ Kf6 60.Qf8+ 1-0

[Event "WIECC 2009"]
[Site "St. Petersburg RUS"]
[Date "2009.03.09"]
[Round "2.33"]
[White "Brunello, Marina"]
[Black "Grabuzova, Tatiana"]
[Result "1-0"]
[WhiteElo "2106"]
[BlackElo "2332"]
[Annotator ""]
[Source ""]
[Remark ""]

1.e4 e6 2.d4 d5 3.Nd2 a6 4.Ngf3 c5 5.exd5 exd5 6.dxc5 Bxc5 7.Bd3
Qe7+ 8.Qe2 Qxe2+ 9.Kxe2 Nf6 10.Nb3 Ba7 11.Be3 Bg4 12.h3 Bh5 13.Bxa7
Rxa7 14.Rhe1 O-O 15.Nbd4 Nbd7 16.Kf1 Nc5 17.Re7 Nxd3 18.cxd3
Rc8 19.Rae1 Kf8 20.Nh4 Bg6 21.Nhf5 Rca8 22.Rc7 b5 23.Ree7 Rxc7
24.Rxc7 b4 25.Ke2 h5 26.g3 a5 27.Ne3 Ke8 28.Rb7 h4 29.gxh4 Nh5
30.Nxd5 Kf8 31.Kd2 Rd8 32.Nc6 Re8 33.Nxa5 f6 34.Nc6 Bf5 35.Ncxb4
Bxh3 36.a4 Bg2 37.Rc7 Bf3 38.a5 Ra8 39.Rc5 Kf7 40.Nc7 Rc8 41.Ke3
Ba8 42.d4 g6 43.Nxa8 Rxa8 44.a6 Ke6 45.Rc7 Re8 46.Rb7 Kd6+ 47.Kf3
Re1 48.a7 Ra1 49.Ke3 Re1+ 50.Kd2 Ra1 51.Rb6+ Kc7 52.Na6+ Kxb6
53.a8Q Rxa6 54.Qb8+ Kc6 55.d5+ Kc5 56.Kc3 Rd6 57.Qb7 Rb6 58.Qc7+
Kb5 59.Qc4+ Ka5 60.d6 1-0

[Event "WIECC 2009"]
[Site "St. Petersburg RUS"]
[Date "2009.03.09"]
[Round "2.62"]
[White "Lomakina, Galja"]
[Black "Kostiukova, Liubov"]
[Result "0-1"]
[WhiteElo "2058"]
[BlackElo "2235"]
[Annotator ""]
[Source ""]
[Remark ""]

1.Nf3 Nf6 2.g3 g6 3.Bg2 Bg7 4.O-O O-O 5.d3 d6 6.c4 Nc6 7.Nc3
e5 8.Rb1 h6 9.b4 Be6 10.b5 Ne7 11.Ba3 a6 12.Qb3 axb5 13.Nxb5
Qd7 14.Rfd1 Ne8 15.d4 c6 16.Nc3 exd4 17.Nxd4 Bxc4 18.Qxb7 Qxb7
19.Rxb7 Rxa3 20.Nb1 Rxa2 21.Rxe7 c5 22.Nd2 Bf6 23.Nc6 Be6 24.Rb7
d5 25.Nb3 Nd6 26.Rb6 Nc8 27.Rb7 c4 28.Nc1 Ra1 29.Nb4 Nd6 30.Rb6
Nc8 31.Rb7 Ne7 32.Nc2 Ra5 33.e3 Nc6 34.Ne2 Bf5 35.Ncd4 Nxd4 36.exd4
Bg4 37.f3 Bf5 38.Nc3 Bd3 39.Nb5 Rfa8 40.f4 Ra1 41.Rxa1 Rxa1+
42.Kf2 Ra2+ 43.Kg1 c3 44.Bxd5 Ra1+ 45.Kg2 c2 46.Rc7 c1Q 0-1

[Event "WIECC 2009"]
[Site "St. Petersburg RUS"]
[Date "2009.03.10"]
[Round "3.13"]
[White "Molchanova, Tatjana"]
[Black "Arakhamia-Grant, Ketevan"]
[Result "0-1"]
[WhiteElo "2319"]
[BlackElo "2500"]
[Annotator ""]
[Source ""]
[Remark ""]

1.d4 Nf6 2.Nf3 g6 3.c4 Bg7 4.Nc3 O-O 5.e4 d6 6.Be2 Nbd7 7.O-O
e5 8.Re1 Re8 9.Bf1 a5 10.Rb1 c6 11.dxe5 dxe5 12.a3 Qc7 13.b4
axb4 14.axb4 Nf8 15.Na4 Bg4 16.Nc5 Red8 17.Qe2 b6 18.Nd3 Ne6
19.Ndxe5 Nd4 20.Qb2 Bxf3 21.Nxf3 Nxe4 22.Nxd4 Bxd4 23.Rxe4 Bxb2
24.Bxb2 Re8 25.Rxe8+ Rxe8 26.Rd1 Qe7 27.Bc3 Qe4 28.Bf6 Qe6 29.Rd8
Rxd8 30.Bxd8 c5 31.bxc5 bxc5 32.Ba5 Qe5 33.Bd2 Kf8 34.g3 Ke7
35.Be3 Kd7 36.Be2 g5 37.Bf3 Kd6 38.Bd5 f6 39.Kg2 Qf5 40.h3 Qc2
41.g4 Qe2 42.Bf7 Qd1 43.Kh2 Qf1 44.Bd5 h6 45.Bf7 h5 46.Bd5 Qe2
47.Kg3 Qd1 48.Bg2 Qd3 49.Bd5 Qe2 50.Bf7 Qd1 51.Bxh5 Qg1+ 52.Kf3
Qf1 53.Kg3 Qxc4 54.h4 gxh4+ 55.Kxh4 Qe4 56.Kg3 c4 57.g5 c3 58.g6
Qxe3+ 59.fxe3 c2 60.g7 c1Q 61.Kf4 Qf1+ 62.Bf3 Qc4+ 63.Kf5 Qf7 0-1

[Event "WIECC 2009"]
[Site "St. Petersburg RUS"]
[Date "2009.03.10"]
[Round "3.15"]
[White "Charochkina, Daria"]
[Black "Pogonina, Natalija"]
[Result "1/2-1/2"]
[WhiteElo "2316"]
[BlackElo "2467"]
[Annotator ""]
[Source ""]
[Remark ""]

1.d4 Nf6 2.c4 c5 3.d5 b5 4.cxb5 a6 5.e3 g6 6.Nc3 Bg7 7.Nf3 O-O
8.a4 d6 9.Ra3 e6 10.Bc4 axb5 11.axb5 Rxa3 12.bxa3 Nxd5 13.Nxd5
exd5 14.Bxd5 Qa5+ 15.Nd2 Qxb5 16.Nc4 Ba6 17.O-O Nd7 18.Re1 Nf6
19.Nxd6 Qb6 20.Nc4 Qa7 21.e4 Nxd5 22.Qxd5 Bc3 23.Rd1 Bd4 24.e5
Qa8 25.Nb6 Qxd5 26.Nxd5 Bxe5 27.Be3 c4 28.Bc5 Rb8 29.Nb4 Bb5
30.Be3 Bb2 31.Bc1 c3 32.h3 Ba4 33.Rf1 Rd8 34.Na2 Bb3 35.Nb4 Bd1
36.Bg5 Rd6 37.Be7 Re6 38.Rxd1 Rxe7 39.Kf1 Bxa3 40.Nd5 c2 41.Nxe7+
Kf8 42.Re1 c1Q 1/2-1/2

[Event "WIECC 2009"]
[Site "St. Petersburg RUS"]
[Date "2009.03.10"]
[Round "3.19"]
[White "Khurtsidze, Nino"]
[Black "Chasovnikova, Eugenia"]
[Result "1-0"]
[WhiteElo "2421"]
[BlackElo "2302"]
[Annotator ""]
[Source ""]
[Remark ""]

1.c4 c6 2.d4 d5 3.Nf3 Nf6 4.e3 e6 5.Bd3 Nbd7 6.O-O Bd6 7.Nbd2
O-O 8.e4 e5 9.cxd5 cxd5 10.Re1 Qc7 11.exd5 exd4 12.Nc4 Bb4 13.d6
Bxd6 14.Nxd6 Qxd6 15.Nxd4 Nc5 16.Bc2 Rd8 17.Be3 Ng4 18.Nf3 Nxe3
19.Qxd6 Rxd6 20.Rxe3 Bd7 21.Rc1 b6 22.Ne5 Be6 23.b4 Nd7 24.Be4
Re8 25.Nc6 g6 26.a3 a6 27.h3 Kg7 28.Bf3 Rc8 29.Rec3 Nf6 30.Nd4
Rxd4 31.Rxc8 Bxc8 32.Rxc8 Rd3 33.Rc6 Nd7 34.a4 Rd4 35.a5 Rxb4
36.Rd6 Ne5 37.Rxb6 Rxb6 38.axb6 Kf8 39.Be2 Nd7 40.b7 a5 41.Bb5
Nb8 42.Kf1 Ke7 43.Ke2 Kd6 44.Kd3 Kc7 45.Kd4 f6 46.Kd5 Kxb7 47.Ke6
Kb6 48.Ba4 f5 49.Kf6 Nc6 50.Kg7 Ne5 51.Kxh7 f4 52.Kg7 Kc5 53.Kf6
Kd4 54.f3 Nd3 55.Kxg6 Ne1 56.h4 Nxg2 57.h5 Nh4+ 58.Kf6 Nxf3 59.h6
Nd2 60.h7 f3 61.h8Q f2 62.Bb5 Kc5 63.Qh5+ Kb4 64.Qd5 f1Q+ 65.Bxf1
Nxf1 66.Qd4+ Kb3 67.Qd3+ Kb2 68.Qe2+ 1-0

[Event "WIECC 2009"]
[Site "St. Petersburg RUS"]
[Date "2009.03.10"]
[Round "3.34"]
[White "Lelekova, Olga"]
[Black "Stojanovic, Andjelija"]
[Result "1/2-1/2"]
[WhiteElo "2222"]
[BlackElo "2372"]
[Annotator ""]
[Source ""]
[Remark ""]

1.e4 c5 2.Nf3 Nc6 3.g3 d6 4.Bg2 g6 5.O-O Bg7 6.c3 e5 7.Na3 Nge7
8.d3 O-O 9.Be3 a6 10.d4 cxd4 11.cxd4 Bg4 12.d5 Nd4 13.Bxd4 exd4
14.Qd3 Bxf3 15.Bxf3 f5 16.Rfe1 fxe4 17.Rxe4 g5 18.Re6 Ng6 19.Be4
Ne5 20.Bxh7+ Kh8 21.Qe4 d3 22.Bf5 Qb6 23.b3 Rxf5 24.Qxf5 Rf8
25.Qh3+ Kg8 26.Rf1 d2 27.Qh5 g4 28.Re8 Qxf2+ 29.Rxf2 d1Q+ 30.Kg2
Qxd5+ 31.Kf1 Qd1+ 32.Kg2 Qd5+ 33.Kf1 Qd3+ 34.Kg2 Qe4+ 35.Kf1
Qd3+ 36.Kg2 Qd5+ 37.Kf1 Qh1+ 38.Ke2 Qe4+ 39.Kf1 Qh1+ 40.Ke2 Qe4+
41.Kf1 Qh1+ 1/2-1/2

[Event "WIECC 2009"]
[Site "St. Petersburg RUS"]
[Date "2009.03.10"]
[Round "3.39"]
[White "Grabuzova, Tatiana"]
[Black "Makka, Ioulia"]
[Result "1-0"]
[WhiteElo "2332"]
[BlackElo "2203"]
[Annotator ""]
[Source ""]
[Remark ""]

1.d4 Nf6 2.c4 e6 3.g3 d5 4.Bg2 Nc6 5.Nf3 dxc4 6.Qa4 Bb4+ 7.Bd2
Nd5 8.Bxb4 Ndxb4 9.Ne5 O-O 10.Nxc6 Nxc6 11.e3 Rb8 12.Qxc4 Na5
13.Qc3 b6 14.O-O Bb7 15.Rc1 Bxg2 16.Kxg2 Qd5+ 17.Kg1 Rfc8 18.Nd2
h6 19.b4 Nb7 20.Qc6 Qh5 21.Rc2 Nd6 22.a4 a5 23.b5 Ne8 24.Nc4
Rd8 25.Ne5 Rd5 26.Qc4 Rd6 27.Rac1 Rbd8 28.Qf1 f6 29.Nc6 R8d7
30.Qg2 Kh8 31.f4 Rd5 32.e4 R5d6 33.Re2 g5 34.g4 Qg6 35.f5 Qg8
36.Rc4 Ng7 37.e5 fxe5 38.Nxe5 Rd8 39.f6 Nf5 40.gxf5 exf5 41.f7
Qg7 42.Ng6+ 1-0

[Event "WIECC 2009"]
[Site "St. Petersburg RUS"]
[Date "2009.03.10"]
[Round "3.46"]
[White "Kharashuta, Ekaterina"]
[Black "Zakharova, Alexandra"]
[Result "1-0"]
[WhiteElo "2304"]
[BlackElo "2153"]
[Annotator ""]
[Source ""]
[Remark ""]

1.Nf3 d5 2.g3 Nf6 3.Bg2 c6 4.c4 dxc4 5.O-O Nbd7 6.a4 a5 7.Na3
Nb6 8.Qc2 Qd5 9.Ne1 Qf5 10.e4 Qh5 11.Nxc4 Nxc4 12.Qxc4 e5 13.d4
Bd6 14.f4 exf4 15.gxf4 Bb8 16.e5 Nd7 17.f5 O-O 18.Ra3 Nb6 19.Qc2
Qh4 20.Rh3 Qxd4+ 21.Be3 Qxa4 22.Qe2 Bxe5 23.Qh5 h6 24.Bxh6 gxh6
25.Rh4 Qa1 26.Qxh6 Bxf5 27.Rxf5 Qxe1+ 28.Bf1 Qxh4 29.Qxh4 Bg7
30.Qg3 f6 31.Qb3+ Nd5 32.Bc4 Rf7 33.Rxd5 cxd5 34.Bxd5 Raf8 35.Qxb7
f5 36.Kg2 Bd4 37.Qb3 Kg7 38.Qg3+ Kf6 39.Qd6+ Kg5 40.Bxf7 Rxf7
41.Qxd4 Rb7 42.Qd8+ Kf4 43.Qd2+ Kg4 44.h3+ Kh5 45.h4 Rg7+ 46.Kh3
a4 47.Qc2 1-0